Vista normal
Vista MARC
Entrada Topical Term
Número de registros utilizados en: 1
001 - CONTROL NUMBER
- control field: 13782
003 - CONTROL NUMBER IDENTIFIER
- control field: OSt
005 - DATE AND TIME OF LATEST TRANSACTION
- control field: 20210222154108.0
008 - FIXED-LENGTH DATA ELEMENTS
- fixed length control field: 210222|| aca||aabn | a|a d
040 ## - CATALOGING SOURCE
- Original cataloging agency: OSt
- Transcribing agency: OSt
150 ## - HEADING--TOPICAL TERM
- Topical term or geographic name entry element: Sociología
670 ## - SOURCE DATA FOUND
- Source citation: Work cat.: (OSt): Recaséns Siches, Luis, 1903-1977 autor 13781, Tratado general de sociología / , 1996